| 000 | 00943nas a2200277 4500 | ||
|---|---|---|---|
| 001 | BR8500216 | ||
| 003 | BR-BrBNA | ||
| 005 | 20231205090053.0 | ||
| 007 | ta | ||
| 008 | 230509b bl.|||p| |||| 00| 00por d | ||
| 040 |
_aBR-BrBNA _bpor _cBiblioteca Nacional de Agricultura |
||
| 041 | _a(Pt) | ||
| 072 | _aL74 | ||
| 100 | 1 | _aNazario, W. | |
| 100 | 1 | _aSantiago, A.M.H. | |
| 100 | 1 | _aLima, A.R. | |
| 245 | 1 | _aAnemia hemolitica em equinos: ocorrencia clinica e diagnostico laboratorial [intoxicacao animal, chumbo] | |
| 246 | 1 | _a[Hemolytical anemia in the horse: clinical occurrence and laboratory diagnosis [animal intoxication, lead]] | |
| 650 | _aEQUINO | ||
| 650 | _aANEMIA | ||
| 650 | _aINTOXICACAO ANIMAL | ||
| 650 | _aCHUMBO | ||
| 773 | 0 |
_tRevista Brasileira de Medicina Veterinaria (Brazil) _xISSN 0100-2430 _g(Jul-Aug 1984), v. 6(3) p. 82-84 _wBR8500216 |
|
| 909 |
_a202311 _bLúcia _c55 _dLúcia Elande |
||
| 942 |
_2AGRIS _n0 _cANA |
||
| 999 |
_c115946 _d115946 |
||